000
00326 a2200145 4500
001
166775
020
_a
040
_c
Magnum
100
_a
Romesin, Humberto Maturana
240
1
0
_a
Da biologia a psicologia
_l
por
245
1
0
_a
Da biologia a psicologia
362
0
_a
1899
697
_a
CIENCIAS MEDICAS SAUDE
942
_c
BK
999
_c
166775
_d
166775